[Event "Dortmund 44th"]
[Site "Dortmund"]
[Date "2016.07.16"]
[Round "6"]
[White "Nisipeanu, Liviu Dieter"]
[Black "Kramnik, Vladimir"]
[Result "1/2-1/2"]
[WhiteElo "2674"]
[BlackElo "2812"]
[Annotator "Krasenkow,M"]
[PlyCount "291"]
[EventDate "2016.07.09"]
[EventType "tourn"]
[EventRounds "7"]
[EventCountry "GER"]
[EventCategory "20"]
[SourceTitle "CBM 174"]
[Source "ChessBase"]
[SourceDate "2016.09.13"]
[SourceVersion "1"]
[SourceVersionDate "2016.09.13"]
[SourceQuality "1"]

1. d4 Nf6 2. c4 e6 3. Nf3 d5 4. e3 {Of course, this system is quite harmless.}
Be7 5. b3 O-O 6. Bb2 c5 7. Bd3 cxd4 8. exd4 Nc6 9. O-O b6 10. Nbd2 Bb7 11. Rc1
Rc8 12. Re1 Re8 {Simple play: both sides develop their pieces.} 13. a3 Bf8 {
A typical plan here: Black is ready to transfer his bishop to g7.} (13... dxc4
{is the main alternative:} 14. bxc4 Bf8 (14... Qd6 $5 {was played in only one
but classic game:} 15. Nb3 Red8 16. Rc2 Bf8 17. Rce2 g6 $13 18. Ng5 $5 Bg7 19.
h3 Rc7 20. Nxe6 $6 fxe6 21. Rxe6 Qf8 22. d5 Nb8 23. Bc3 Na6 24. Nd4 Nxd5 25.
cxd5 Rxc3 $19 {0-1 (28) Petrosian,T (2635)-Tal,M (2615) Moscow 1976}) 15. Nf1 (
15. Bb1 g6 16. Ba2 Bg7 17. d5 $6 exd5 18. Rxe8+ Nxe8 19. Bxg7 Kxg7 20. cxd5 Ne7
$17 {[%csl Rd5] 0-1 (86) Torre,E (2550)-Gheorghiu,F (2545) Wijk aan Zee 1981})
(15. Ne4 Nxe4 16. Rxe4 g6 17. d5 Na5 18. Qd2 {1-0 (38) Fridman,R (2378)-Fleck,
J (2408) Essen 2002} f6 $1 $13) 15... g6 16. Ne3 (16. Ng3 Bg7 17. Qe2 Qd6 18.
Rcd1 Red8 19. Qe3 Qf8 20. Qf4 Na5 $15 {1-0 (57) Rotstein,A (2528)-Beliavsky,A 
(2631) Austria 2006}) 16... Bg7 $13 17. Rc2 Na5 18. Ne5 Nc6 19. Nf3 Na5 20. Ne5
Nc6 {1/2 (20) Franco Ocampos,Z (2490)-Korneev,O (2591) Roquetas de Mar 2015}) (
13... g6 $5 {deserves further research; so far Black is doing well:} 14. b4 (
14. c5 $6 a5 $1 15. Bb5 Nd7 16. b4 axb4 17. Bxc6 Bxc6 18. axb4 Bf6 $1 $15 {
1/2 (60) Tregubov,P (2632)-Atalik,S (2568) Istanbul 2003 CBM 096 [Atalik,S]})
14... dxc4 15. Nxc4 a6 16. Qb3 b5 17. Ne3 Bf8 18. Rc2 Bg7 19. Rec1 Qd6 $15 {
0-1 (26) Johnston,A (2182)-Bucinskas,V ICCF WS 2006}) 14. c5 {The same
aggressive continuation as in Tregubov-Atalik but now Black has no manoeuvre ..
.Nf6-d7 and ...Be7-f6.} (14. Nf1 g6 15. Ne3 (15. c5 {is less appropriate now:}
a5 $1 16. Bb5 Nd7 17. Ne3 Bg7 18. Qd2 Nf6 19. Rc2 Ne4 20. Qc1 Re7 21. Ng4 f5
22. Bxc6 fxg4 23. Bxb7 Rxb7 24. c6 Rbc7 25. Ne5 Bxe5 26. dxe5 Nc5 $17 {1/2 (45)
Rombaldoni,A (2502)-Gustafsson,J (2640) Porto Mannu 2015}) 15... Bg7 16. c5
bxc5 $6 (16... a5 $5 17. Bb5) 17. dxc5 a5 18. Bb5 Re7 19. Ne5 Rec7 20. Nxc6
Bxc6 21. Bxc6 Rxc6 22. b4 $16 {1/2 (46) Khairullin,I (2647)-Bukavshin,I (2657)
Khanty-Mansiysk 2015}) 14... a5 $1 {Still, this is Black's principled reply,
preventing b3-b4.} 15. Bc3 $5 $146 {[%mdl 8] This new move provokes the
advance of Black's central pawns, which will be subsequently blockaded.} (15.
Bb5 {is the continuation seen in practice:} Nd7 16. b4 (16. Bxc6 Bxc6 17. b4
Qc7 18. Qe2 bxc5 19. dxc5 Rb8 20. Bc3 e5 $17 {0-1 (48) Butti,E (2071)-Delgado
Ramirez,N (2604) Asuncion 2014}) 16... axb4 17. Bxc6 Bxc6 18. axb4 Bb5 (18...
g6 {1-0 (54) Tolonen,L (2330)-Sorsa,N (2270) Turku 1997} 19. Nf1 {[%cal Yf1e3]}
) (18... Qc7 $5) 19. Nb1 Qc7 20. Nc3 Bc4 21. Nd2 bxc5 22. dxc5 Bd3 $13 (22...
Ne5 $2 23. Nce4 $1 Nd3 24. Nf6+ $1 Kh8 25. Nxc4 dxc4 26. Nxe8 Rxe8 27. Qe2 Nxe1
28. Rxe1 Qf4 29. g3 Qf5 30. Qxc4 $18 {1-0 (47) Franco Ocampos,Z (2490)
-Svetushkin,D (2581) Lorca 2014})) 15... bxc5 16. dxc5 d4 (16... e5 $5 17. Nxe5
Nxe5 18. Bxe5 Rxc5 {[%csl Ra3]} 19. Ra1 $5 $13) 17. Bb2 e5 18. Ng5 Rc7 19. Bc4
$6 {The bishop has nothing to do here, it just obstructs the c1 rook.} (19.
Nde4 $142 $5 Nxe4 20. Nxe4 $36) 19... h6 20. Nge4 Bc8 21. Nxf6+ Qxf6 22. b4 {
This leads to simplifications and equality.} (22. Ne4 $5 Qg6 23. f4 $13) 22...
axb4 23. axb4 Nxb4 24. Bxd4 Bb7 25. Qg4 Kh8 (25... h5 $5 26. Qg3 (26. Qxh5 $6
Qc6 $1 {[%cal Rc6g2,Re5d4]} 27. Nf3 exd4 28. Rxe8 Qxe8 29. Ng5 Be4) 26... h4
27. Qg4 Bxc5 28. Bxc5 Rxc5 29. Bxf7+ Qxf7 30. Qxb4 $11) 26. Ne4 Qf4 27. Qxf4
exf4 28. Nd2 Rxe1+ 29. Rxe1 Rd7 30. Nb3 (30. Re8 $142 Rxd4 (30... Kg8 31. Bc3)
31. Rxf8+ Kh7 32. Rb8 {with a probable draw.}) (30. Bc3 Bxc5 31. Nb3 {should
be enough, too.}) 30... Nc2 $1 31. Re8 Kg8 32. Bb5 $8 Rxd4 (32... Rd5 $5 {
gives Black more chances, e.g.} 33. Bc4 (33. Rb8 Nxd4 34. Nxd4 Rxd4 35. Rxb7
Rd1+ 36. Bf1 Bxc5 37. Rb2 g5 $17) 33... Rg5 {, and White must probably play}
34. h4 $1 Rxg2+ 35. Kf1 Bf3 {[%cal Rg2h2]} 36. Be2 $1 Bc6 37. Rc8 Rg6 $15) 33.
Nxd4 Nxd4 {[%mdl 4096] Black has obtained a material advantage, however, it
proves rather impossible to convert it.} 34. Rb8 Be4 35. Bd7 g5 36. Rc8 f3 37.
g3 Bb7 38. Rb8 Bd5 39. Rd8 Kg7 40. Bb5 Nxb5 41. Rxd5 Nc3 42. Rd3 Ne2+ 43. Kf1
Bxc5 44. Rxf3 Nd4 45. Rc3 Bd6 46. Kg2 h5 47. Rc4 Nf5 48. Ra4 f6 49. Ra5 Kg6 50.
Ra6 Be5 51. Ra5 Nd4 52. Ra4 Kf5 53. Ra8 g4 54. h3 Nf3 55. hxg4+ hxg4 56. Rg8
Bd4 57. Rd8 Ke4 58. Re8+ Be5 59. Rg8 Ng5 60. Ra8 Kf5 61. Ra4 Ne4 62. Ra5 Nd2
63. Ra4 Nf3 64. Ra8 Bd4 65. Rd8 Ke4 66. Re8+ Ne5 67. Re6 Kf5 68. Rd6 Ba7 69.
Rd8 Bb6 70. Rb8 Bd4 71. Rd8 Ke4 72. Re8 Bc5 73. Rg8 Kd3 74. Rc8 Bd4 75. Rd8 Nf3
76. Rg8 Ng5 77. Rd8 Ke4 78. Re8+ Kf5 79. Rd8 Ne6 80. Ra8 Bb6 81. Rb8 Bc5 82.
Rc8 Bd4 83. Ra8 Be5 84. Rc8 Bd6 85. Rc6 Ke5 86. Rc4 Nd4 87. Rc8 Ke4 88. Rg8 f5
89. Re8+ Be5 90. Re7 Nc2 91. Re8 Ne1+ 92. Kf1 Nd3 93. Kg2 Nb4 94. Re7 Nd5 95.
Re8 Nf6 96. Ra8 Bd4 97. Rd8 Ke5 98. f3 Bb6 99. Rb8 Nd5 100. fxg4 fxg4 101. Rg8
Kf5 102. Re8 Bd4 103. Rf8+ Ke4 104. Rg8 Ne3+ 105. Kf2 Kd3 106. Rg6 Nc4+ 107.
Kg2 Ne5 108. Rg5 Ke4 109. Rg8 Bc5 110. Rg7 Kf5 111. Rg8 Nd7 112. Rc8 Be3 113.
Re8 Bb6 114. Rc8 Nf6 115. Rb8 Bd4 116. Rb7 Be5 117. Rb5 Ke4 118. Rb4+ Kd3 119.
Rb3+ Ke4 120. Rb4+ Bd4 121. Rb8 Kd3 122. Rd8 Ke3 123. Ra8 Bc3 124. Rc8 Kd3 125.
Rc7 Bd4 126. Rg7 Be5 127. Rg6 Ke4 128. Rg5 Bd6 129. Kf2 Bc7 130. Kg2 Be5 131.
Kf2 Kd5 132. Kg2 Ke6 133. Kh2 Bc3 134. Kg2 Bd2 135. Rg7 Kf5 136. Rf7 Bb4 137.
Rb7 Bd6 138. Rb5+ Kg6 139. Ra5 Ne4 140. Ra4 Kf5 141. Ra5+ Ke6 142. Ra4 Kd5 143.
Ra8 Ke5 144. Ra5+ Kd4 145. Ra8 Ke3 146. Rg8 1/2-1/2

[Event "Olympiad-43"]
[Site "Batumi"]
[Date "2018.09.26"]
[Round "3.8"]
[White "Rodshtein, Maxim"]
[Black "Hjartarson, Johann"]
[Result "1-0"]
[WhiteElo "2674"]
[BlackElo "2530"]
[Annotator "Krasenkow,M"]
[PlyCount "97"]
[EventDate "2018.09.24"]
[EventType "team-swiss"]
[EventRounds "11"]
[EventCountry "GEO"]
[SourceTitle "CBM 187"]
[Source "ChessBase"]
[SourceDate "2018.12.11"]
[SourceVersion "1"]
[SourceVersionDate "2018.12.11"]
[SourceQuality "1"]
[WhiteTeam "Israel"]
[BlackTeam "Iceland"]
[WhiteTeamCountry "ISR"]
[BlackTeamCountry "ISL"]

1. d4 Nf6 2. c4 e6 3. Nf3 Bb4+ 4. Nbd2 b6 5. a3 Bxd2+ 6. Qxd2 Bb7 7. e3 d6 8.
Be2 Nbd7 9. b4 a5 {In my opinion, this move hardly makes sense here. Black
should rather immediately start counterplay on the kingside:} (9... O-O 10. Bb2
Ne4 11. Qc2 f5 12. O-O Rf6 ({or} 12... Qe7)) 10. Bb2 Ne4 11. Qc2 O-O 12. O-O f5
13. d5 $1 {[%mdl 32] A typical advance in the centre. White is threatening
Nf3-d4, and in case of ...e6-e5 Black's b7 bishop will be out of play.} (13.
Rad1 {[%cal Yf3e1,Yf2f3] is another possible plan, however, less energetic:}
Qe7 (13... axb4 14. axb4 Ng5 15. Ne1 f4 {0-1 (47) Zhao,X (2579)-Danielian,E 
(2470) Tashkent 2013} 16. exf4 Rxf4 17. Nd3 $16 Nh3+ $6 18. Kh1) (13... Kh8 14.
Ne1 Qg5 15. d5 axb4 16. axb4 e5 17. f4 Qe7 18. Nf3 c6 19. dxc6 Bxc6 20. Ra1 h6
21. Rfd1 $14 {1-0 (40) Van Wely,L (2657)-Werle,J (2567) Amsterdam 2016}) (13...
Ng5 14. Ne1 Rf6 15. d5 Rh6 16. f4 Ne4 17. Nf3 $14 {1/2 (28) Potkin,V (2613)
-Galopoulos,N (2262) Kallithea 2008}) 14. d5 (14. Ne1 $5 axb4 15. axb4 Bc6 $6
16. Ra1 Rxa1 17. Bxa1 Bb7 18. Nd3 Nef6 19. f3 $14 {1/2 (43) Erdos,V (2621)
-Bokros,A (2484) Hungary 2015}) 14... e5 15. Bd3 axb4 16. axb4 b5 17. c5 Bxd5
18. Bxb5 $14 {1-0 (49) Wang,Y (2736)-Wu,W (2442) China 2008}) 13... e5 (13...
exd5 $6 14. Nd4 Qe7 15. cxd5 Bxd5 16. f3 Nef6 17. Nxf5 Qd8 18. Rac1 $16 {
1-0 (35) Wedda,D (2079)-Baselmans,L (1838) Assen 2017}) 14. Nd2 (14. Rfd1 Qe7
15. g3 $6 c6 16. Nh4 cxd5 17. cxd5 Rfc8 18. Qd3 g6 19. Rac1 Nef6 20. Qb3 axb4
21. axb4 Rxc1 22. Bxc1 Rc8 {[%csl Rd5]} 23. Bb2 Qf7 24. Bc4 b5 25. Bxb5 Nb6 $15
{0-1 (40) Naumkin,I (2497)-Drasko,M (2543) Cutro 2007}) (14. Bd3 c6 (14... b5
$5) 15. dxc6 Bxc6 16. Nd2 Nxd2 17. Qxd2 Qh4 18. f4 Rf6 19. fxe5 Nxe5 20. Bxe5
dxe5 21. Bxf5 Qxc4 22. Rac1 $14 {1/2 (49) Farid,F (2401)-Chernyshov,K (2508)
Pardubice 2014}) (14. Rad1 $5 {(to anticipate ...c7-c6)} Ndf6 15. Nh4 (15. Ne1
$142 $14) 15... axb4 16. axb4 Bc8 (16... Nxd5 $1 17. cxd5 Qxh4 18. Qxc7 Ra2
$132) 17. f3 Ng5 18. Nxf5 Bxf5 19. Qxf5 Nxd5 20. Qd3 Nxb4 21. Qb3 Nc6 22. c5+
Nf7 23. cxd6 cxd6 24. Bb5 Na5 25. Qe6 $14 {1/2 (112) Steingrimsson,H (2550)
-Zude,A (2470) Germany 2011}) 14... Nxd2 15. Qxd2 {White plans f2-f4 to open
up the long diagonal for his bishop.} Qh4 (15... f4 16. exf4 Rxf4 17. g3 {
, then preparing f2-f4 anyway}) (15... axb4 16. axb4 Nf6 17. Rxa8 Bxa8 18. Bd3
g6 19. f4 Qe7 20. fxe5 dxe5 21. Qc3 Re8 22. Ra1 $16 {1-0 (59) Li,S (2557)
-Toufighi,H (2478) Subic Bay 2009}) (15... Qe7 16. f4 axb4 17. axb4 Rxa1 18.
Rxa1 Ra8 19. Rxa8+ Bxa8 20. Bd3 e4 21. Bc2 Bb7 22. Bd4 b5 23. cxb5 Nb6 24. Bb3
Qf7 25. Qa2 h6 26. Qa7 Bxd5 27. Bd1 $14 {1-0 (73) Khenkin,I (2609)-Quesada
Perez,Y (2567) Havana 2008}) 16. f4 exf4 (16... Rae8 17. Bd3 Qh5 18. Rae1 Nf6
19. h3 Bc8 20. bxa5 bxa5 21. Qxa5 $16 {1-0 (33) Assaubayeva,B (2381)-Hoolt,S 
(2405) Riyadh KSA 2017}) 17. Rxf4 (17. exf4 {[%cal Ye2d3] was good, too, but
White prefers a more dynamic pawn structure.}) 17... Qe7 18. Raf1 axb4 19. axb4
Rae8 20. Bd4 g6 21. Qe1 b5 {This move activates Black's bishop but opens up
the position, which is a good news for White's bishop pair.} 22. cxb5 Bxd5 23.
Qg3 Be6 24. h4 Ne5 25. R4f2 (25. h5 $5 g5 26. R4f2 Qg7 $140 27. Bd3) 25... Ng4
26. Bxg4 fxg4 {White has given up one of his bishops but Black's king is now
extremely vulnerable as opposite-coloured bishops are on the board.} 27. b6 $1
{Of course, White takes an occasion to create a passed pawn, which will be a
"second weakness" in Black's camp.} cxb6 28. Bxb6 Rxf2 29. Rxf2 $16 Rb8 (29...
Bd7 30. Bd4 $16) 30. Bc5 Rd8 31. Bd4 Rb8 32. Bc5 Rd8 33. Bd4 Rb8 34. Rb2 $6 (
34. Bf6 $142 {[%cal Yg3f4] White's rook is more active on f2 than on b2.})
34... Rb5 (34... Rc8 $142 $132) 35. e4 g5 $6 {An unnecessary weakening move.} (
35... Bd7 $142 {[%cal Yd7c6]} 36. Qd3 $140 g3 $1 $132 {[%cal Re7h4]}) 36. h5 $1
Bd7 37. Qd3 (37. Qe3 $142 Bc6 38. e5 $1 $16 dxe5 $140 39. Bc5) 37... Qe6 (37...
g3 $1 {[%cal Yg5g4,Yb5h5] still made sense.} 38. Bc3 g4 39. Be1 Rxh5 40. Bxg3
Qf6 {keeping counter-chances.}) 38. Bc3 g3 39. Re2 (39. Rb1 $1 g4 40. Qxg3 Rxh5
(40... Qxe4 41. Re1) 41. Qf4 $16) 39... Qb3 $2 {This loses quickly.} (39... g4
$1 40. e5 dxe5 41. Qxg3 Rd5 {with good drawing chances.}) 40. Qxg3 h6 (40...
Qe6 41. Rf2) 41. Rf2 Qb1+ 42. Kh2 g4 {Too late!} 43. Qxd6 Rxh5+ 44. Kg3 Rh3+
45. gxh3 Qg1+ 46. Rg2 Qe3+ 47. Kh2 Qxh3+ 48. Kg1 Qxc3 49. Qg6+ 1-0

[Event "Tata Steel-C 74th"]
[Site "Wijk aan Zee"]
[Date "2012.01.27"]
[Round "11"]
[White "Danielian, Elina"]
[Black "Adhiban, Baskaran"]
[Result "1/2-1/2"]
[WhiteElo "2490"]
[BlackElo "2561"]
[Annotator "Let's Check Training"]
[PlyCount "131"]
[EventDate "2012.01.14"]
[EventType "tourn"]
[EventRounds "13"]
[EventCountry "NED"]
[EventCategory "9"]
[SourceTitle "CBM 147"]
[Source "ChessBase"]
[SourceDate "2012.03.16"]
[SourceVersion "1"]
[SourceVersionDate "2012.03.16"]
[SourceQuality "1"]

1. d4 Nf6 2. Nf3 e6 3. e3 b6 4. Bd3 Bb7 5. O-O c5 6. c4 g6 7. Nc3 Bg7 8. dxc5
bxc5 9. e4 d6 10. e5 dxe5 11. Nxe5 O-O 12. Qb3 Nc6 13. Nxc6 Bxc6 14. Be2 Ne4
15. Qa3 Nxc3 16. bxc3 Qe7 17. Be3 Rfd8 18. Rfd1 Bf8 19. Qa5 Rab8 20. Rxd8 Qxd8
21. Qxd8 Rxd8 22. Rb1 e5 23. Rb3 f5 24. g3 Bd6 25. f3 f4 26. Bf2 Rd7 27. Ra3
Be7 28. Ra6 Rc7 29. Kf1 Kf7 30. Ra5 Ba8 31. Bd1 g5 32. Ke2 h5 33. h3 g4 34.
hxg4 hxg4 35. fxg4 f3+ 36. Ke1 e4 37. Be3 Bd6 38. Kf2 Ke6 39. Ra6 Bc6 40. Bf4
Bxf4 41. gxf4 Kd7 42. g5 Kc8 43. f5 Kb7 {[%tqu "En","","","","a6c6","",10]} 44.
Rxc6 $1 Kxc6 45. Bc2 Rg7 46. Bxe4+ $2 (46. f6 Rxg5 47. f7 $18) 46... Kd6 $11
47. g6 Ke5 48. Kxf3 Rd7 49. Ke3 Rd1 50. Bc2 Ra1 51. a4 a5 52. Bd3 Rc1 53. Kd2
Rg1 54. Bc2 Rg2+ 55. Kc1 Kf6 56. Be4 Rg3 57. Kb2 Ke5 58. Bc2 Rf3 59. Kb3 Re3
60. Kb2 Rg3 61. Kb3 Rg4 62. Bd3 Rg3 63. Bc2 Kf6 64. Be4 Rg1 65. Bc2 Rg3 66. Be4
1/2-1/2

[Event "RUS-CHN Summit Men 2nd"]
[Site "Moscow"]
[Date "2004.08.11"]
[Round "2"]
[White "Wang, Yue"]
[Black "Dreev, Alexey"]
[Result "1/2-1/2"]
[WhiteElo "2525"]
[BlackElo "2690"]
[Annotator "Lutz,C"]
[PlyCount "34"]
[EventDate "2004.08.10"]
[EventType "schev"]
[EventRounds "6"]
[EventCountry "RUS"]
[SourceTitle "CBM 103"]
[Source "ChessBase"]
[SourceDate "2004.11.11"]
[SourceVersion "1"]
[SourceVersionDate "2004.11.11"]
[SourceQuality "1"]
[WhiteTeam "China"]
[BlackTeam "Russia"]
[WhiteTeamCountry "CHN"]
[BlackTeamCountry "RUS"]

1. d4 d5 2. c4 c6 3. Nc3 Nf6 4. e3 e6 5. Nf3 Nbd7 6. Qc2 b6 $5 7. cxd5 {
Auf diese Art kann Weiß den schwarzen Aufbau nicht ernsthaft in Frage stellen.
Nachhaltiger ist 7.Bd3 nebst 0-0 und b3, Bb2.} exd5 8. Bd3 Bb7 9. O-O Be7 10.
e4 dxe4 11. Nxe4 O-O 12. Ne5 {Die weißen Springer im Zentrum sehen
beeindruckend aus, aber Schwarz kann sofort alles auflösen.} c5 (12... Qc7 13.
Bf4 Nh5 14. Nxd7 Qxd7 15. Be3 g6 16. Rfd1 f5 17. Bc4+ Kh8 18. Nc3 Bf6 19. d5
Rad8 20. Bh6 Rfe8 21. a4 Qd6 $13 {1/2-1/2 Komnenic,B-Szuhanek,R/Kragujevac
1995/EXT 2004 (63)}) (12... Rc8 $5 13. Nxd7 Nxd7 14. Bf4 Re8 15. Nd6 Bxd6 16.
Bxd6 Nf8 17. Bxf8 Kxf8 18. Rfd1 Rc7 19. Bf1 Kg8 20. Rd3 Rce7 $11 {0-1
Alexandrova,O-Yagupov,I/Alushta 2000/EXT 2001 (80)}) 13. Nxd7 (13. Ng5 g6 14.
Nxg6 hxg6 15. Nxf7 Rxf7 16. Bc4 Nd5 17. Qxg6+ Rg7 18. Qe6+ Kh8 19. Rd1 Nf8 20.
Qh3+ Rh7 $17 {0-1 Nascimento,A-Pedersen,S/Cappelle la Grande 1995/EXT 97 (31)})
(13. Nxf6+ Nxf6 14. dxc5 Bxc5 $5 (14... Qd5 $6 15. c6 Rac8 16. Qe2 Bxc6 17.
Nxc6 Rxc6 18. Bxh7+ Kxh7 19. Qxe7 Re8 20. Qxa7 Re2 21. Qa3 $16 {1-0 Skembris,
S-Racioppo,P/Torino 2000/CBM 79 ext (49)})) 13... Qxd7 $1 {Der präziseste Zug.}
(13... Nxd7 $6 14. dxc5 bxc5 $6 (14... Ne5 $5) (14... Nxc5 15. Nxc5 Bxc5 16.
Bxh7+ Kh8 17. Be4 Bxe4 18. Qxe4 Qf6 $14 {Ftacnik}) 15. Bf4 Qb6 16. Rad1 g6 17.
Bc4 $16 {1-0 Xu Jun-Sasikiran,K/Hyderabad 2002/CBM 92/[Lutz] (28)}) 14. Nxf6+
Bxf6 15. dxc5 (15. Bxh7+ Kh8 16. Be4 (16. Bf5 Qd5 17. Bh3 Qxd4 $11) 16... Bxe4
17. Qxe4 Qxd4 $11) 15... Bxg2 16. Kxg2 Qg4+ 17. Kh1 Qf3+ {Mit Remisschluss.
Alles schon bekannt ...} (17... Qf3+ 18. Kg1 Qg4+ 19. Kh1 Qf3+ 20. Kg1 {
1/2-1/2 Alexandrova,O-Velcheva,M/Kragujevac 2000/CBM 79 ext (20)}) 1/2-1/2

[Event "FIDE World Cup-C"]
[Site "Hyderabad"]
[Date "2002.10.14"]
[Round "5"]
[White "Xu, Jun"]
[Black "Sasikiran, Krishnan"]
[Result "1-0"]
[WhiteElo "2643"]
[BlackElo "2670"]
[Annotator "Lutz,C"]
[PlyCount "55"]
[EventDate "2002.10.05"]
[EventType "tourn"]
[EventRounds "5"]
[EventCountry "IND"]
[EventCategory "16"]
[SourceTitle "CBM 092"]
[Source "ChessBase"]
[SourceDate "2003.02.06"]
[SourceVersion "1"]
[SourceVersionDate "2003.02.06"]
[SourceQuality "1"]

1. d4 {Ftacnik} d5 2. Nf3 Nf6 3. c4 c6 4. Nc3 e6 5. e3 Nbd7 6. Qc2 b6 $5 {
Ein etwas selteneres System neben der Hauptfortsetzung 6...Bd6.} 7. cxd5 exd5
8. Bd3 Bb7 9. O-O Be7 10. e4 dxe4 11. Nxe4 O-O 12. Ne5 c5 (12... Rc8 $5 13.
Nxd7 Nxd7 14. Bf4 Re8 15. Nd6 Bxd6 16. Bxd6 Nf8 17. Bxf8 Kxf8 18. Rfd1 Rc7 19.
Bf1 Kg8 20. Rd3 Rce7 $11 {0-1 Alexandrova,O-Yagupov,I/Alushta 2000/EXT 2001 
(80)}) 13. Nxd7 (13. Nxf6+ Nxf6 14. dxc5 Qd5 $6 (14... Bxc5 $5) 15. c6 Rac8 16.
Qe2 Bxc6 17. Nxc6 Rxc6 18. Bxh7+ Kxh7 19. Qxe7 Re8 20. Qxa7 Re2 21. Qa3 $16 {
1-0 Skembris,S-Racioppo,P/Torino 2000/CBM 79 ext (49)}) 13... Nxd7 $6 (13...
Qxd7 {scheint die schwarzen Eröffnungsprobleme unmittelbar zu lösen.} 14. Nxf6+
Bxf6 15. dxc5 (15. Bxh7+ Kh8 16. Be4 (16. Bf5 Qd5 17. Bh3 Qxd4 $11) 16... Bxe4
17. Qxe4 Qxd4 $11) 15... Bxg2 16. Kxg2 Qg4+ 17. Kh1 Qf3+ 18. Kg1 Qg4+ 19. Kh1
Qf3+ 20. Kg1 {1/2-1/2 Alexandrova,O-Velcheva,M/Kragujevac 2000/CBM 79 ext (20)}
) 14. dxc5 bxc5 $6 {Ftacnik: 'Only with this move is black consenting to very
dangerous position. Xu Jun will gain excellent squares for his pieces and
Sasikiran will be left with no counterplay.'} (14... Ne5 $5 15. Nd6 (15. Be2
Qd5 16. f3 Qd4+ 17. Kh1 Bxe4 $11) (15. Bb5 {Ftacnik} a6 16. Bf4 axb5 17. Bxe5
Qd5 $15) 15... Nxd3 (15... Bxd6 {Ftacnik} 16. Bxh7+ Kh8 17. cxd6 g6 18. Qc3
Qxd6 19. Bf4 $16) 16. Nxb7 Qd5 17. Rd1 bxc5 18. Rxd3 Qxb7 19. Be3 $14) (14...
Nxc5 {Ftacnik} 15. Nxc5 Bxc5 16. Bxh7+ Kh8 17. Be4 Bxe4 18. Qxe4 Qf6 $14) 15.
Bf4 {[%csl Rd7,Rd8,Re7,Rh7][%cal Yf4b8,Yc2h7,Ya1d1,Yd1d8,Yf1e1,Ye1e8] Jetzt
hat Weiß einigen Vorteil, denn neben der besseren Bauernstruktur hat er noch
Druckspiel entlang der Diagonalen c2-h7 und f4-b8 und den Zentrallinien.} Qb6
16. Rad1 g6 {Schwächt auch noch den Königsflügel.} (16... Rad8 17. Nd6 Nf6 18.
Nxb7 Qxb7 19. Rfe1 $16) 17. Bc4 Rad8 $6 (17... Nf6 18. Nd6 Rad8 19. Nxb7 Qxb7
20. Rfe1 $16) 18. Bh6 Rfe8 (18... Bxe4 19. Qxe4 Rfe8 20. Rfe1 $18 {und die
Fesselung entlang der e-Linie ist fatal, z.B.} Nf6 (20... Qf6 21. Bb5 Bf8 22.
Qxe8 Rxe8 23. Rxe8 $18) 21. Rxd8 Qxd8 22. Bxf7+ $1 Kxf7 23. Qe6#) 19. Qc3 $18 {
Weiß steht bereits auf Gewinn, da Materialverlust nicht mehr zu vermeiden ist.}
Bf6 (19... Nf6 20. Ng5 $18) 20. Bxf7+ $1 {Ftacnik: 'A charming tactical
solution, original combination will enable white's queen to assault the enemy
king from the square g7.' Jetzt kommt es knüppeldick.} Kxf7 21. Ng5+ Bxg5 {
Königszüge verlieren ebenfalls rasch:} (21... Ke7 22. Rfe1+ Ne5 23. Rxe5+ Bxe5
24. Qxe5+ $18) (21... Kg8 22. Qc4+ Kh8 23. Bg7+ $1 (23. Nf7+ Kg8 24. Nxd8+ $18)
23... Kxg7 (23... Bxg7 24. Nf7+ Kg8 25. Nh6+ Kh8 26. Qg8+ Rxg8 27. Nf7#) 24.
Qf7+ Kh6 25. Qxh7+ Kxg5 26. f4+ Kf5 27. Qh3+ Ke4 28. Qd3#) 22. Qg7+ Ke6 23.
Bxg5 {Die weiße Drohung ist u.a. Bxd8 nebst Rfe1+ und Rxd7.} Rg8 (23... Qc6 24.
f3) (23... Bc6 24. h4 {nebst Rfe1+ und Qf7+}) 24. Qe7+ Kf5 25. f3 {Es droht 26.
g4#.} Nf6 (25... h5 26. g4+ hxg4 27. fxg4+ Kxg4 28. Rf4+ Kh5 29. Rh4#) 26. Bxf6
c4+ 27. Kh1 Qb5 28. Bc3 (28. Bh4 $5 {setzt noch etwas schneller matt.}) 1-0